Derecho administrativo y legislación fiscal /

Guardado en:
Autor Principal: Kechichian, Roberto
Formato: Libro
Publicado: Buenos Aires : Braga, 1994
Edición:3a. ed.
Materias:
Etiquetas: Agregar Etiqueta
Sin Etiquetas, Sea el primero en etiquetar este registro!
LEADER 01009nam a22002175a 4500
001 CEM.cems010507
005 20080513091533.0
008 130507s1994##################000#0#####d
003 CEMS
020 |a 9509095613 
082 0 4 |a 344 
100 1 |a Kechichian, Roberto 
245 1 0 |a Derecho administrativo y legislación fiscal /  |c Roberto N. Kechichian 
250 |a 3a. ed. 
260 |a Buenos Aires :  |b Braga,  |c 1994 
300 |a 319 p. 
505 0 |a La Constitución Nacional y el Derecho Administrativo -- Los servicios públicos -- Organización administrativa argentina -- Agentes de la administración pública . Responsabilidad del Estado -- El poder de policía -- Las leyes laborales y la protección jurídica del trabajador -- El régimen impositivo -- La lesgilación aduanera -- La ley de presupuesto -- Nociones generales sobre derecho penal fiscal 
653 |a Derecho administrativo 
653 |a Derecho 
653 |a Derecho fiscal 
859 |a CEMS  |b BIB. CEMS - 11 de abril  |h 344  |i K233a3  |p 21034.00  |t Ej.1